00606nam a2200217Ia 4500003000900000008004100009040001300050040001300063041000800076100002200084245001700106250001100123260001200134260000900146300001100155300001200166490000600178942000700184999001700191952018000208IT-RoPAU120407s9999 xx 000 0 und d aIT-RoPAU cIT-RoPAU aita aAnselmo Radaelli  aLa libertà aMilano aDaverio c1958 a471 p. c23,5 cm v1 cBK c34969d34969 00102ddc406123_30000000000000071aPAULUSbPAULUSd2012-04-11l0o123.3r2012-04-11 00:00:00w2012-04-11yBKzInserito da: In data: n.d. fondo: Via A.Severo 56 Progr:19862